000 00284nam a22001337a 4500
003 SGT
082 _a370
_bM14G
100 _aGUPTA, RAHUL
245 _aMAHAN SHIKSHA SHASTRI
260 _aNEW DELHI
_bPRERNA PRAKASHAN
_c2014
300 _a272
650 _aEDUCATION
942 _2ddc
_cBK
999 _c12623
_d12623